Gramática española

Gespeichert in:
Bibliographische Detailangaben
1. Verfasser: Fernández Ramírez, Salvador (VerfasserIn)
Format: Buch
Sprache:Spanisch
Veröffentlicht: Madrid Arco Libros 1985
Schlagworte:
Tags: Tag hinzufügen
Keine Tags, Fügen Sie den ersten Tag hinzu!

MARC

LEADER 00000nam a2200000 a 4500
001 UCX1824
003 CL-VaPUC
008 901109e19850000SP |||||||||||||||||spa|d
082 0 4 |a 465  |b FER  |2 21 
100 0 |a Fernández Ramírez, Salvador  |e author  |9 317521 
245 1 0 |a Gramática española 
300 |a v 
942 |c BK 
945 |d 19901109 00:00:00 
260 |a Madrid  |b Arco Libros  |c 1985 
500 |a v.1: Prolegomenos 
500 |a v.3: El nombre 
650 0 |a Español gramática  |9 264564 
583 |a last modification  |c 19901109 00:00:00  |k Rodrigo Vera 
999 |c 222978  |d 222976 
952 |0 0  |1 0  |4 0  |6 465_000000000000000_FER_1985  |7 0  |8 A  |9 218314  |a BIBEDU  |b BIBEDU  |d 2019-11-15  |h v.1  |i 2871548  |o 465 FER 1985  |p 2871548  |r 2019-11-15  |w 2019-11-15  |y BK  |k LIT 
952 |0 0  |1 0  |4 0  |6 465_000000000000000_FER_1985  |7 0  |8 A  |9 218315  |a BIBEDU  |b BIBEDU  |d 2019-11-15  |h v.3  |i 2871556  |o 465 FER 1985  |p 2871556  |r 2019-11-15  |w 2019-11-15  |y BK  |k LIT 
952 |0 0  |1 0  |4 0  |6 465_000000000000000_FER_1985  |7 0  |8 A  |9 218316  |a BIBEDU  |b BIBEDU  |d 2019-11-15  |h v.3  |i 2871564  |o 465 FER 1985  |p 2871564  |r 2019-11-15  |w 2019-11-15  |y BK  |k LIT